书目信息 |
| 题名: |
经济数学基础
|
|
| 作者: | ;经济数学基础课程组 编 | |
| 分册: | 微积分 | |
| 出版信息: | 北京 中央广播电视大学出版社 2021.01 |
|
| 页数: | 189页 | |
| 开本: | 26cm | |
| 丛书名: | ||
| 单 册: | ||
| 中图分类: | F224.0 , O172 | |
| 科图分类: | ||
| 主题词: | 经济数学--jing ji shu xue--开放教育--教材 , 微积分--wei ji fen--开放教育--教材 | |
| 电子资源: | ||
| ISBN: | 978-7-304-10561-7 | |
| 000 | 01123nam 2200289 450 | |
| 001 | CAL 010594839 | |
| 005 | 20230217093112.0 | |
| 010 | @a978-7-304-10561-7@dCNY25.00 | |
| 100 | @a20220329d2021 em y0chiy0120 ea | |
| 101 | 0 | @achi |
| 102 | @aCN@b110000 | |
| 105 | @aa a 001yy | |
| 106 | @ar | |
| 200 | 1 | @a经济数学基础@Ajing ji shu xue ji chu@i微积分@f经济数学基础课程组编 |
| 210 | @a北京@c中央广播电视大学出版社@d2021.01 | |
| 215 | @a189页@c图@d26cm | |
| 320 | @a有书目 (第180页) 和索引 | |
| 330 | @a本书共分6章, 主要内容包括: 函数, 极限、导数与微分, 导数应用, 不定积分, 定积分, 积分应用。具体内容包括: 函数概念 ; 几类基本初等函数 ; 函数的运算 ; 经济分析中常见的函数 ; 极限概念 ; 极限的运算 ; 函数的连续性 ; 导数与微分的概念 ; 导数的计算等。 | |
| 333 | @a开放教育融媒体教材 | |
| 517 | 1 | @a微积分@Awei ji fen |
| 606 | 0 | @a经济数学@Ajing ji shu xue@x开放教育@j教材 |
| 606 | 0 | @a微积分@Awei ji fen@x开放教育@j教材 |
| 690 | @aF224.0@v5 | |
| 690 | @aO172@v5 | |
| 711 | 02 | @a经济数学基础课程组@Ajing ji shu xue ji chu ke cheng zu@4编 |
| 801 | 0 | @aCN@bBJXHZP@c20230228 |
| 905 | @b1404392-5@dF224.0@e815@f4 | |
| 经济数学基础.微积分/经济数学基础课程组编.-北京:中央广播电视大学出版社,2021.01 |
| 189页:图;26cm |
| 使用对象:开放教育融媒体教材 |
| ISBN 978-7-304-10561-7:CNY25.00 |
| 本书共分6章, 主要内容包括: 函数, 极限、导数与微分, 导数应用, 不定积分, 定积分, 积分应用。具体内容包括: 函数概念 ; 几类基本初等函数 ; 函数的运算 ; 经济分析中常见的函数 ; 极限概念 ; 极限的运算 ; 函数的连续性 ; 导数与微分的概念 ; 导数的计算等。 |
| ● |
| 相关链接 |
|
|
|
|
正题名:经济数学基础
索取号:F224.0/815
 
预约/预借
| 序号 | 登录号 | 条形码 | 馆藏地/架位号 | 状态 | 备注 |
| 1 | 1404392 | 214043925 | 第一样本阅览室/ [索取号:F224.0/815] | 在馆 | |
| 2 | 1404393 | 214043934 | 第一借阅区/ [索取号:F224.0/815] | 在馆 | |
| 3 | 1404394 | 214043943 | 第一借阅区/ [索取号:F224.0/815] | 在馆 | |
| 4 | 1404395 | 214043952 | 第一借阅区/ [索取号:F224.0/815] | 在馆 |